LIBRARY & INFORMATION CENTRE, KCAET, TAVANUR

ONLINE PUBLIC ACCESS CATALOGUE (OPAC)

Tectonic Geomorphology (Record no. 14642)

MARC details
000 -LEADER
fixed length control field 00352nam a22001457a 4500
020 ## - INTERNATIONAL STANDARD BOOK NUMBER
ISBN 9781444338867
082 ## - DEWEY DECIMAL CLASSIFICATION NUMBER
Classification number 551.45
Item number BUT/TE
100 ## - MAIN ENTRY--AUTHOR NAME
Personal name Burbank,Douglas W.
100 ## - MAIN ENTRY--AUTHOR NAME
Personal name Anderson, Robert S.
245 ## - TITLE STATEMENT
Title Tectonic Geomorphology
250 ## - EDITION STATEMENT
Edition statement 2 nd
260 ## - PUBLICATION, DISTRIBUTION, ETC. (IMPRINT)
Place of publication Chichester
Name of publisher Wiley - Black well
Year of publication 2012
300 ## - PHYSICAL DESCRIPTION
Number of Pages 454
942 ## - ADDED ENTRY ELEMENTS (KOHA)
Koha item type Books
Holdings
Withdrawn status Lost status Damaged status Collection code Home library Current library Shelving location Date acquired Source of acquisition Cost, normal purchase price Full call number Accession Number Koha item type
        KAUAET KAUAET General Stacks 22/07/2016 Dream Tech, Trivandrum 6097.52 551.45 BUT/TE 24457 Books
free website counter